000
00143 a2200073 4500
020
_a
9781431402274
082
_a
178431
245
_a
Swem in die son
999
_c
792528
_d
792527
942
_w
13411
_x
Bongani Makatu
_y
13411
_z
Bongani Makatu